Estado, Nación e identidad en América Latina/

Gespeichert in:
Bibliographische Detailangaben
1. Verfasser: Beluche, Olmedo
Format: Buch
Sprache:Spanish
Tags: Tag hinzufügen
Keine Tags, Fügen Sie den ersten Tag hinzu!

MARC

LEADER 00000nam a22000007a 4500
003 cru CIDCACS/IIS
005 20171207113417.0
007 ta
008 171207s2016 pn |||p|r||||||0| ||spa d
999 |c 40706  |d 40706 
040 |c cru CIDCACS/IIS 
100 1 |9 6200  |a Beluche, Olmedo 
245 1 |a Estado, Nación e identidad en América Latina/  |c Olmedo Beluche 
300 |a páginas 6-18 
942 |2 ddc  |c PP 
773 0 |0 19259  |9 1671  |a Desarrollo Social y Cultural (Panamá)  |d Panamá: Lotería Nacional de Beneficencia  |o 18439  |t Lotería:  |x 0024662X